K vývoji sovětské politiky vůči státům Varšavské smlouvy dokumenty a materiály 1989-1990 : mezinárodní konference Demokratická revoluce v Československu 1989 - předpoklady, průběh a bezprostřední výsledky, Praha, 14.-16. října 1999

Bibliographic Details
Other Authors: Sládek, Zdeněk, 1926-2003 (Editor), Prečan, Vilém, 1933- (Editor)
Format: Book
Language:Czech
PhysicalDescription:132, [2] s. 21 cm
Published: Praha Československé dokumentační středisko Ústav pro soudobé dějiny AV ČR 1999
ISBN:8085270900
Series:Studijní materiály
Subjects:

MARC

LEADER 00000nam a2200000 a 4500
001 vtls001385732
003 SK-MaSNL
005 20260302071610.0
008 251029s1999 xr r cze
015 |a SNBZSA2000-00088 
020 |a 8085270900 
035 |a SNK000339867 
035 |a urn:nbn:sk:snk-amkkv9 
035 |a urn:nbn:sk:snk-am003tzm 
035 |a D0A5DBBB-08E5-4E0A-AABE-82AC5BB21F88 
040 |a SNK  |b slo  |c SNK  |e AACR2 
041 0 |a cze 
044 |a CZ 
080 |a 327(47+57:4-191.2)=850  |2 1981 
245 0 0 |a K vývoji sovětské politiky vůči státům Varšavské smlouvy  |b dokumenty a materiály 1989-1990 : mezinárodní konference Demokratická revoluce v Československu 1989 - předpoklady, průběh a bezprostřední výsledky, Praha, 14.-16. října 1999  |c k vydání připravil Zdeněk Sládek ve spolupráci s Vilémem Prečanem 
260 |a Praha  |b Československé dokumentační středisko  |b Ústav pro soudobé dějiny AV ČR  |c 1999 
300 |a 132, [2] s.  |c 21 cm 
490 1 |a Studijní materiály  |v Sešit 7 
500 |a 250 výt. 
504 |a Men. reg. Pozn. Zoz. dok. 
650 0 7 |a vzťahy medzinárodné  |z ZSSR  |z štáty socialistické  |y 1989-1990  |x dokumenty  |2 SNK  |9 733569 
655 7 |a prehľady  |2 SNK  |9 70194 
700 1 |a Sládek, Zdeněk,  |d 1926-2003  |4 edt  |9 117224 
700 1 |a Prečan, Vilém,  |d 1933-  |4 edt  |9 212852 
830 0 |a Studijní materiály  |9 388891 
919 |a 80-85270-90-0 
958 |a OND 
958 |a ZS 
958 |a TL 
958 |a RU 
999 |c 1152839  |d 1154769 
952 |t P60, <03>, [BOOK], {603}  |a SNK  |b SNK  |y PREZ  |7 0  |p 17A0236031  |o snkSC 101422  |i snkV 573/2000  |0 0  |1 0  |4 0  |d 2000-04-20  |f 1  |l 0  |r 2025-09-23 00:00:00  |w 2026-02-24